AACN organization and management of critical-care facilities /
محفوظ في:
| مؤلفون آخرون: | , |
|---|---|
| التنسيق: | كتاب |
| اللغة: | English |
| منشور في: |
St. Louis, Mo. :
C.V. Mosby,
1979.
|
| الموضوعات: | |
| الوسوم: |
إضافة وسم
لا توجد وسوم, كن أول من يضع وسما على هذه التسجيلة!
|
| LEADER | 00895cam a2200241 a 4500 | ||
|---|---|---|---|
| 001 | u210699 | ||
| 003 | SIRSI | ||
| 008 | 920717s1979 us 00 1 eng | ||
| 035 | |a AAZ-1118 | ||
| 040 | |a UMP | ||
| 096 | |a WX218 |b AACN 1979 | ||
| 110 | 2 | 0 | |a American Association of Critical-Care Nurses. |
| 245 | 1 | 0 | |a AACN organization and management of critical-care facilities / |c ed. by Diane C. Adler, Norma J. Shoemaker. |
| 260 | 0 | |a St. Louis, Mo. : |b C.V. Mosby, |c 1979. | |
| 300 | |a xx, 214 p. : |b ill. ; |c 26 cm. | ||
| 504 | |a Includes bibliographical references. | ||
| 650 | 2 | |a Critical Care |x organization & administration. | |
| 650 | 2 | |a Intensive Care Units |x organization & administration. | |
| 700 | 1 | 0 | |a Adler, Diane C. |
| 700 | 1 | 0 | |a Shoemaker, Norma J. |
| 948 | |a 17/07/1992 |b 03/05/1993 | ||
| 596 | |a 2 | ||
| 999 | |a WX218 AACN 1979 |w NLM |c 1 |i A502446919 |d 9/2/1999 |l STACKS |m P02MEDKL |n 4 |r Y |s Y |t TESIS |u 11/10/1994 | ||
